LEADER 01770nam0-2200505---450- 001 990000821950203316 005 20091123175743.0 010 $a88-204-7690-8 035 $a0082195 035 $aUSA010082195 035 $a(ALEPH)000082195USA01 035 $a0082195 100 $a20011221d1993----km-y0ITAy01------ba 101 $aita 102 $aIT 105 $a||||||||001yy 200 1 $aDistretti industriali e mercato unico europeo$edal paradigma della localizzazione al paradigma dell'informazione$fdi Maurizio Mistri$gpresentazione di Giacomo Becattini 210 $aMilano$cF. Angeli$dc1993 215 $a152 p.$d22 cm 225 2 $aEconomia e politica industriale$v86 300 $aIn testa al front.: Istituto Guglielmo Tagliacarne 410 0$12001$aEconomia e politica industriale$v86 606 $aIndustria$xLocalizzazione$yItalia 607 $aEuropa$xIntegrazione economica 676 $a338.60420945 700 1$aMISTRI,$bMaurizio$0106285 712 02$aIstituto Guglielmo Tagliacarne per la promozione della cultura economica 801 $aIT$bsalbc$gISBD 912 $a990000821950203316 951 $aXXX.B. Coll. 43/ 4 (COLL PEH 86)$b4028 EC$cXXX.B. Coll. 43/ 4 (COLL PEH)$d00247181 951 $a300 338.6 MIS$b6111 DISES 951 $a300 338.6 MIS$b8121 DISES 959 $aBK 969 $aECO 969 $aDISES 979 $aPATTY$b90$c20011221$lUSA01$h1117 979 $c20020403$lUSA01$h1728 979 $aPATRY$b90$c20040406$lUSA01$h1657 979 $aRSIAV3$b90$c20091123$lUSA01$h1757 979 $c20121027$lUSA01$h1545 979 $c20121027$lUSA01$h1558 979 $c20121027$lUSA01$h1610 996 $aDistretti industriali e mercato unico europeo$9196050 997 $aUNISA DEB $aUSA3395 LEADER 01459nam--2200457---450- 001 990002990190203316 005 20081028141052.0 010 $a2-86958-044-4 035 $a000299019 035 $aUSA01000299019 035 $a(ALEPH)000299019USA01 035 $a000299019 100 $a20071016d1992----km-y0itay50------ba 101 $afre 102 $aGR 105 $aa---||||001yy 200 1 $a<> stèle du port$efouilles du port 1$erecherches sur une nouvelle inscription thasienne$fpar Hervé Duchene 210 $aAthènes$cÉcole française d'Athènes$d1992 215 $a155 p., XX p. di tav.$cill.$d30 cm. 225 2 $aÉtudes thasiennes$v14 300 $aIn testa al front.: École française d'Athènes 410 0$12001$aÉtudes thasiennes$v14 454 1$12001 461 1$1001$12001 606 0 $aIscrizioni greche$yTaso 606 0 $aTaso $xStoria$zAntichità$xFonti epigrafiche 676 $a939.11 700 1$aDUCHENE,$bHervé$0186305 801 0$aIT$bsalbc$gISBD 912 $a990002990190203316 951 $aXI.3.C. 52$b199184 L.M.$cXI.3.C.$d00161607 951 $aI T TAS 2/14$b6762 DBC$cI T 959 $aBK 969 $aUMA 969 $aDBC 979 $aRIVELLI$b90$c20071016$lUSA01$h1123 979 $aRIVELLI$b90$c20071016$lUSA01$h1126 979 $aRIVELLI$b90$c20071016$lUSA01$h1136 979 $aDBC$b90$c20081028$lUSA01$h1410 996 $aStèle du port$9283068 997 $aUNISA